| 000 | 01043nam a2200289 i 4500 | ||
|---|---|---|---|
| 001 | bg | ||
| 100 | 1 |
_aCitko, Tadeusz _d(1944- ). |
|
| 245 | 1 | 0 |
_aEnergoelektronika : _bukłady wysokiej częstotliwości / _cTadeusz Citko ; [Komitet Elektrotechniki Polskiej Akademii Nauk]. |
| 246 | 3 | 0 | _aUkłady wysokiej częstotliwości |
| 260 |
_aBiałystok : _bWydawnictwo Politechniki Białostockiej, _c2007. |
||
| 300 |
_a257 s. : _bil. ; _c24 cm. |
||
| 500 | _aNa książce wyłącznie błędny ISBN. | ||
| 504 | _aBibliogr. przy rozdz. | ||
| 521 | _aDla studentów i dyplomantów specjalizjących się w zakresie elektroniki mocy i energoelektroniki. | ||
| 650 | 9 | _aEnergoelektronika | |
| 650 | 9 | _aPrzekształtniki | |
| 655 | _aPodręczniki akademickie | ||
| 015 | _aPB 12655/2008 | ||
| 020 |
_a9788360200384 _z9788360200386 |
||
| 040 | _cBPK | ||
| 041 | _apol | ||
| 044 | _aPOL | ||
| 080 | _a621.31:621.38:621.3.02](07) | ||
| 920 |
_a978-83-60200-38-4 _z978-83-60200-38-6 |
||
| 942 | _cKS | ||
| 008 | 080311s2007 pl a f f |000 0 pol | ||
| 999 |
_c55355 _d55355 |
||
| 856 |
_uhttp://koha.tu.koszalin.pl/cgi-bin/koha/opac-detail.pl?biblionumber=55355 _yKatalog online BPK |
||